• 首页
  • 本馆介绍
  • 公告通知
  • 最新文献
  • 馆藏检索
  • 电子资源
  • 读者导购
  • 参考咨询
  • 我的图书馆
  • 登录
  • 详细信息显示
  • 放入我的书架
  • 预约/预借图书
  • 作者相关作品
  • 分类相关作品
  • 丛书相关作品
  • 出版社相关作品

书目信息

  • 表格格式
  • 工作单格式
  • 卡片格式
题名:
实验室生物安全管理体系及其运转
    
 
作者: 孙翔翔 , 张喜悦 主编
分册:  
出版信息: 北京   中国农业出版社  2020.05
页数: 207页
开本: 26cm
丛书名:
单 册:
中图分类: Q-338
科图分类:
主题词: 生物学--sheng wu xue--实验室管理--安全管理--研究
电子资源:
ISBN: 978-7-109-26662-9
000 01188nam0 2200253 450
001 0109110158
005 20201109143152.95
010    @a978-7-109-26662-9@dCNY95.00
100    @a20200911d2020 em y0chiy50 ea
101 0  @achi
102    @aCN@b110000
105    @aa z 000yy
106    @ar
200 1  @a实验室生物安全管理体系及其运转@Ashi yan shi sheng wu an quan guan li ti xi ji qi yun zhuan@f孙翔翔, 张喜悦主编
210    @a北京@c中国农业出版社@d2020.05
215    @a207页@c图@d26cm
306    @a题名页出版者题:中国农业出版社,农村读物出版社
330    @a本书根据大多数生物安全三级实验室的实际情况,汇编了部分生物安全管理体系文件。在体系文件的基础上阐述了如何建立生物安全管理体系,如何运转生物安全管理体系,并提供了实验室生物安全管理体系建立过程中所必须的内审和管理评审示例。还提供了部分生物安全相关制度和环境保护预案等示例,汇编了生物安全最重要的参考文献,如生物安全认可准则和认可规则,作为建立和运转生物安全管理体系的必备参考资料。
606 0  @a生物学@Asheng wu xue@x实验室管理@x安全管理@x研究
690    @aQ-338@v5
701  0 @a孙翔翔@Asun xiang xiang@4主编
701  0 @a张喜悦@Azhang xi yue@4主编
801  0 @aCN@bBJSZM@c20201103
905    @b1240192-4@dQ-338@e101@f3
    
    实验室生物安全管理体系及其运转/孙翔翔, 张喜悦主编.-北京:中国农业出版社,2020.05
    207页:图;26cm
    
    
    ISBN 978-7-109-26662-9:CNY95.00
    本书根据大多数生物安全三级实验室的实际情况,汇编了部分生物安全管理体系文件。在体系文件的基础上阐述了如何建立生物安全管理体系,如何运转生物安全管理体系,并提供了实验室生物安全管理体系建立过程中所必须的内审和管理评审示例。还提供了部分生物安全相关制度和环境保护预案等示例,汇编了生物安全最重要的参考文献,如生物安全认可准则和认可规则,作为建立和运转生物安全管理体系的必备参考资料。
●
相关链接 在E读中查询图书 在五车中查询图书 在当当中查询图书 在豆瓣中查询图书


正题名:实验室生物安全管理体系及其运转     索取号:Q-338/101         预约/预借

序号 登录号 条形码 馆藏地/架位号 状态 备注
1 1240192   212401925   第二样本阅览室/ [索取号:Q-338/101] 在馆    
2 1240193   212401934   第三借阅区/ [索取号:Q-338/101] 在馆    
3 1240194   212401943   第三借阅区/ [索取号:Q-338/101] 在馆    
唐山师范学院图书馆 欢迎您!
大连网信软件有限公司© 版权所有